000 00408nam a22001697a 4500
003 OSt
008 230524b2015 |||||||| |||| 00| 0 eng d
020 _a9789332549920
082 _a170
_bFRA-E
100 _aFrankena, William K.
245 _aEthics /
_cWilliam K. Frankena
250 _a2nd ed.
260 _aNoida :
_bPearson,
_c2015
300 _axvi, 125 p. ;
650 _aEthics
942 _2ddc
_cBK
_03
999 _c19671
_d19671